| 000 | 01100nam a22003137a 4500 | ||
|---|---|---|---|
| 003 | CHAP | ||
| 005 | 20220329141624.0 | ||
| 008 | 971013s1965 mx r 00010 spa d | ||
| 010 | _a71172 | ||
| 011 | _a72144 | ||
| 035 | _a81698 | ||
| 040 | _cCHAP | ||
| 090 | _aFolleto 271 | ||
| 110 | 2 |
_aBanco de México. Departamento de Estudios Económicos. Biblioteca _99834 |
|
| 245 | 1 | _aBibliografía monetaria y bancaria de México (1943-1958) | |
| 260 |
_aMéxico, D. F. : _bEl Banco, _c1965 |
||
| 300 | _a64 p. | ||
| 490 |
_aBanco de México, S. A. Serie de bibliografías especiales _v; 6 |
||
| 590 |
_aBATCH-UPD _b10 _c20130110 _lUCH01 _h2241 |
||
| 590 |
_aBATCH-UPD _b10 _c20130410 _lUCH01 _h1535 |
||
| 590 |
_aBATCH-UPD _b10 _c20130914 _lUCH01 _h0533 |
||
| 590 |
_aBATCH-UPD _b10 _c20130914 _lUCH01 _h2144 |
||
| 590 |
_aCONVERSION _b10 _c20130109 _lUCH01 _h1339 |
||
| 650 | 1 | 4 |
_aBancos y operaciones bancarias _zMéxico. _99926 |
| 830 | 0 |
_aBanco de México, S. A. Serie de bibliografías especiales _v; 6 _99832 |
|
| 901 | _aBK | ||
| 942 | _cFOLL | ||
| 949 |
_aFolleto 271 _bBC _cFOLL _d-35269 _eTS1 _i81698 _si |
||
| 999 |
_c71172 _d71172 |
||